Normal view
MARC view
- التميمي، ياسين علوان وآخرون؛ م. مشارك علي ياسين التميمي، م.مشارك حيدر عباس الربيعي
Entry Personal Name
001 - CONTROL NUMBER
- control field: 59978
003 - CONTROL NUMBER IDENTIFIER
- control field: JO-AjAnu
005 - DATE AND TIME OF LATEST TRANSACTION
- control field: 20230606083814.0
008 - FIXED-LENGTH DATA ELEMENTS
- fixed length control field: 230606|| aca||aabn | a|a d
040 ## - CATALOGING SOURCE
- Original cataloging agency: JO-AjAnu
- Transcribing agency: JO-AjAnu
100 ## - HEADING--PERSONAL NAME
- Personal name: التميمي، ياسين علوان وآخرون؛ م. مشارك علي ياسين التميمي، م.مشارك حيدر عباس الربيعي
670 ## - SOURCE DATA FOUND
- Source citation: Work cat.: (JO-AjAnu)30586: التميمي، ياسين علوان وآخرون؛ م. مشارك علي ياسين التميمي، م.مشارك حيدر عباس الربيعي, author, معجم مصطلحات العلوم النفسية والتربوية والبدنية